000 006910000a22002050004500
090 _aAR
_b00081
245 1 0 _aNew high andean slope species of Eleutherodactylus (<Amphibia: Leptodactylidae>) from Colombia and Ecuador
650 1 4 _aFauna
_992594
650 1 4 _aAnfibios
_992768
650 1 4 _aNuevas especies
_992905
650 1 4 _aBiología
_992
650 1 4 _aMorfología
_992917
651 4 _pColombia
_992749
651 4 _pEcuador
_992749
653 _fLeptodactylidae
_gEleutherodactylus
_eEleutherodactylus leucopus
041 0 _aInglés
100 1 _aLynch, John D.
_992907
942 _cARTICULO
773 1 _tProceedings of the Biological Society of Washington
_341
_h32
_q351-354
_d1976
_g88
999 _c9182
_d9182